| 000 | 00998nam a2200265 4500 | ||
|---|---|---|---|
| 001 | 191489 | ||
| 003 | SpMaBN | ||
| 005 | 20250727150806.0 | ||
| 008 | 220926s1999 sw | ||| ||spa | ||
| 016 | 7 |
_abimoBNE20000902933 [ _2SpMaBN] |
|
| 017 |
_aB 44717-1999 _bOficina Depósito Legal Barcelona |
||
| 020 | _a91-89118-01-4 | ||
| 035 | _a(OCoLC)48849567 | ||
| 040 |
_aSpMaBN _bspa _cSpMaBN _erdc |
||
| 080 | _a025.45 CDU (083.74) | ||
| 100 | 1 |
_aBenito, Miguel. _9175271 |
|
| 245 | 1 | 0 |
_aSistemas de clasificación : _bmanual de aprendizaje de la Clasificación Decimal Universal y breve introducción a la Clasificación Decimal de Dewey / _cMiguel Benito. |
| 260 |
_aBorås (Suecia) : _bTaranco, _c[1999] |
||
| 300 |
_a126 p. ; _c24 cm. |
||
| 650 | 7 |
_aClasificación decimal universal _2embne _9164660 |
|
| 650 | 7 |
_aClasificación decimal Dewey. _9175272 |
|
| 852 |
_bR.131376 _cDEPO1 _dOlim: 025.45 CDU BEN sis _jA-15040 _9198707 |
||
| 942 | _2udc | ||
| 999 |
_c191489 _d191489 |
||